[Event "Madrid ch Veteranos 2122"]
[Site "Madrid ESP"]
[Date "2022.03.30"]
[Round "3.13"]
[White "Garcia Martin, Esteban"]
[Black "Lopez Heras, Arturo"]
[Result "1-0"]
[WhiteElo "1895"]
[BlackElo "1757"]
[PlyCount "61"]
[EventDate "2022.03.28"]
[EventType "swiss"]
[EventRounds "9"]
[EventCountry "ESP"]
[SourceTitle "Ajedrez en Madrid"]
[Source "lmi"]
[SourceDate "2022.03.28"]
[SourceVersion "1"]
[SourceVersionDate "2022.04.18"]
[SourceQuality "1"]

1. c4 e5 2. Nc3 d6 3. g3 g6 4. Bg2 Bg7 5. d3 f5 6. e4 c6 7. Nge2 a5 8. O-O Nf6
9. d4 O-O 10. d5 c5 11. f4 Nxe4 12. Nxe4 fxe4 13. Nc3 exf4 14. Bxf4 Bf5 15.
Nxe4 Bxb2 16. Nxd6 Bxa1 17. Qxa1 b6 18. Bh6 Ra7 19. Bxf8 Qxf8 20. Nxf5 gxf5 21.
Bh3 Rf7 22. Qb1 Qg7 23. Bxf5 Qd4+ 24. Kg2 Kh8 25. Qe1 Kg7 26. Rf4 Qb2+ 27. Rf2
Qd4 28. Qc1 Na6 29. Qg5+ Kf8 30. Qh6+ Kg8 31. Bxh7+ 1-0

[Event "Madrid ch Veteranos 2122"]
[Site "Madrid ESP"]
[Date "2022.03.30"]
[Round "3.14"]
[White "Lobato Palomo, Manuel"]
[Black "Esteban Amo, Jose M."]
[Result "1/2-1/2"]
[WhiteElo "1716"]
[BlackElo "1874"]
[PlyCount "75"]
[EventDate "2022.03.28"]
[EventType "swiss"]
[EventRounds "9"]
[EventCountry "ESP"]
[SourceTitle "Ajedrez en Madrid"]
[Source "lmi"]
[SourceDate "2022.03.28"]
[SourceVersion "1"]
[SourceVersionDate "2022.04.18"]
[SourceQuality "1"]

1. d4 f5 2. Bf4 Nf6 3. Nf3 d6 4. Nc3 g6 5. Qd2 Bg7 6. Bh6 O-O 7. Bxg7 Kxg7 8.
h4 h5 9. e3 Nc6 10. O-O-O e6 11. Ng5 d5 12. f3 a6 13. Qf2 Qd6 14. Be2 Bd7 15.
Nh3 e5 16. dxe5 Qxe5 17. Nf4 Be6 18. Nd3 Qd6 19. Nf4 b5 20. Qg3 Bf7 21. Bd3 Qe5
22. Kb1 Rfe8 23. Nce2 Nb4 24. Nd4 Nxd3 25. Rxd3 Kh7 26. Nb3 Qe7 27. Nh3 c5 28.
Ng5+ Kg7 29. Rdd1 a5 30. Nxf7 Kxf7 31. Rhe1 a4 32. Nc1 c4 33. c3 b4 34. cxb4
Qxb4 35. a3 Qb6 36. Na2 Rec8 37. Rc1 Rab8 38. Nb4 1/2-1/2

[Event "Madrid ch Veteranos 2122"]
[Site "Madrid ESP"]
[Date "2022.03.30"]
[Round "3.15"]
[White "Cano Mercado, Francisco Manuel"]
[Black "De Paz Nistal, Santiago"]
[Result "0-1"]
[WhiteElo "1715"]
[BlackElo "1873"]
[PlyCount "74"]
[EventDate "2022.03.28"]
[EventType "swiss"]
[EventRounds "9"]
[EventCountry "ESP"]
[SourceTitle "Ajedrez en Madrid"]
[Source "lmi"]
[SourceDate "2022.03.28"]
[SourceVersion "1"]
[SourceVersionDate "2022.04.18"]
[SourceQuality "1"]

1. d4 Nf6 2. Bf4 e6 3. e3 d5 4. Nd2 c5 5. c3 Bd7 6. Bd3 Qb6 7. Qc1 Bb5 8. Bxb5+
Qxb5 9. Ngf3 Nc6 10. a4 Qd3 11. Qb1 Qxb1+ 12. Rxb1 Be7 13. dxc5 Bxc5 14. b4 Be7
15. b5 Na5 16. Be5 O-O 17. h3 Rac8 18. Ke2 Nd7 19. Rhc1 f6 20. Bh2 Nb6 21. Nd4
Kf7 22. f4 g6 23. g4 Bd6 24. N4f3 Rc7 25. Kd3 Nxa4 26. h4 h6 27. Ra1 Nc5+ 28.
Kc2 b6 29. Nd4 Rfc8 30. Nc6 Nxc6 31. bxc6 a5 32. c4 Rxc6 33. cxd5 exd5 34. Kd1
Ne4 35. Rxc6 Rxc6 36. Nxe4 dxe4 37. Ra4 Bb4 0-1

[Event "Madrid ch Veteranos 2122"]
[Site "Madrid ESP"]
[Date "2022.03.30"]
[Round "3.16"]
[White "Fiz Criado, Fidel"]
[Black "De Luna Butz, Alberto"]
[Result "1/2-1/2"]
[WhiteElo "1861"]
[BlackElo "1638"]
[PlyCount "97"]
[EventDate "2022.03.28"]
[EventType "swiss"]
[EventRounds "9"]
[EventCountry "ESP"]
[SourceTitle "Ajedrez en Madrid"]
[Source "lmi"]
[SourceDate "2022.03.28"]
[SourceVersion "1"]
[SourceVersionDate "2022.04.18"]
[SourceQuality "1"]

1. e4 d5 2. exd5 Qxd5 3. d4 e5 4. Nc3 Bb4 5. Be3 Nc6 6. Nf3 Bg4 7. Be2 O-O-O 8.
O-O Qe6 9. d5 Qe7 10. Nxe5 Bxe2 11. Nxc6 Bxd1 12. Nxe7+ Nxe7 13. Raxd1 Bxc3 14.
bxc3 Nxd5 15. Bd4 f6 16. Rfe1 Rhe8 17. a3 b6 18. c4 Nf4 19. Be3 Rxd1 20. Rxd1
Ne6 21. Kf1 c5 22. Rd3 Kc7 23. f4 f5 24. Kf2 g6 25. h3 Rd8 26. Rd5 Nd4 27. Rxd8
Kxd8 28. Bxd4 cxd4 29. Ke2 Kd7 30. Kd3 Kd6 31. Kxd4 Kc6 32. g4 fxg4 33. hxg4
Kd6 34. g5 a6 35. a4 Kc6 36. c3 Kd6 37. Kd3 Kc5 38. Kd2 Kxc4 39. Kc2 a5 40. Kb2
Kd3 41. Kb3 Ke4 42. Kc4 Kxf4 43. Kb5 Kxg5 44. Kxb6 h5 45. c4 h4 46. c5 h3 47.
c6 h2 48. c7 h1=Q 49. c8=Q 1/2-1/2

[Event "Madrid ch Veteranos 2122"]
[Site "Madrid ESP"]
[Date "2022.03.30"]
[Round "3.17"]
[White "Perez Pascual, Arturo"]
[Black "Rojas Pozo, Jose Luis"]
[Result "0-1"]
[WhiteElo "1704"]
[BlackElo "1856"]
[PlyCount "101"]
[EventDate "2022.03.28"]
[EventType "swiss"]
[EventRounds "9"]
[EventCountry "ESP"]
[SourceTitle "Ajedrez en Madrid"]
[Source "lmi"]
[SourceDate "2022.03.28"]
[SourceVersion "1"]
[SourceVersionDate "2022.04.18"]
[SourceQuality "1"]

1. e4 d5 2. exd5 Qxd5 3. Nc3 Qa5 4. d4 Nf6 5. Nf3 c6 6. Be2 Bf5 7. Ne5 Nbd7 8.
Nxd7 Nxd7 9. O-O e6 10. Bd3 Be7 11. a3 Bxd3 12. Qxd3 Qc7 13. Ne4 Nf6 14. c3 O-O
15. g3 Rad8 16. Qe2 Nxe4 17. Qxe4 Qb6 18. Qe2 Qb3 19. Bf4 Bf6 20. Rfd1 Rd5 21.
Rd2 Rfd8 22. Rad1 b5 23. h4 R8d7 24. Be5 Bxe5 25. dxe5 Qxd1+ 26. Rxd1 Rxd1+ 27.
Kg2 R1d2 28. Qe4 R7d5 29. c4 bxc4 30. Qxc4 c5 31. Qc3 h6 32. Kh3 Kh7 33. f4 h5
34. Qa5 g6 35. Qc3 Rd8 36. b3 R8d7 37. a4 R2d3 38. Qc4 R7d4 39. Qxc5 Rxf4 40.
Qxa7 Rff3 41. Qg1 Rxb3 42. a5 Ra3 43. Qe1 Kg8 44. Kh2 Ra2+ 45. Kg1 Rfa3 46. Qb4
Rxa5 47. Qd6 Rd5 48. Qb8+ Kg7 49. Qb3 Raa5 50. Qf3 Rxe5 51. Qc3 0-1

[Event "Madrid ch Veteranos 2122"]
[Site "Madrid ESP"]
[Date "2022.03.30"]
[Round "3.18"]
[White "Fernandez Garcia, Ignacio"]
[Black "Pareja Vicente, Antonio"]
[Result "1-0"]
[WhiteElo "1844"]
[BlackElo "1604"]
[PlyCount "121"]
[EventDate "2022.03.28"]
[EventType "swiss"]
[EventRounds "9"]
[EventCountry "ESP"]
[SourceTitle "Ajedrez en Madrid"]
[Source "lmi"]
[SourceDate "2022.03.28"]
[SourceVersion "1"]
[SourceVersionDate "2022.04.18"]
[SourceQuality "1"]

1. e4 e5 2. Nf3 d6 3. Bc4 Be7 4. Nc3 Nf6 5. d3 O-O 6. h3 c5 7. g4 Be6 8. Qe2 a6
9. g5 Ne8 10. Nd5 b5 11. Bb3 a5 12. a4 b4 13. Bc4 Nc6 14. c3 Nc7 15. Ne3 Bxc4
16. dxc4 bxc3 17. bxc3 Rb8 18. Nf5 Ne6 19. h4 Qb6 20. O-O g6 21. Nh6+ Kg7 22.
Qd3 f6 23. gxf6+ Rxf6 24. Ng4 Nf4 25. Bxf4 Rxf4 26. Ngh2 Qd8 27. Rab1 Bxh4 28.
Rxb8 Qxb8 29. Rb1 Qc7 30. Qd5 Nd8 31. Qa8 Be7 32. Rb6 Qd7 33. Kf1 Rf8 34. Qd5
Qxa4 35. Rb1 Qc2 36. Rd1 a4 37. Rd2 Qxc3 38. Rd3 Qc1+ 39. Rd1 Qb2 40. Rd2 Qb3
41. Rd3 Qb4 42. Ng4 a3 43. Nfxe5 a2 44. Rd1 dxe5 45. Qxe5+ Bf6 46. Rd7+ Kh8 47.
Nxf6 Qxc4+ 48. Kg2 Nf7 49. Qa1 Qe6 50. f3 h5 51. Ra7 Kg7 52. Nd7+ Kg8 53. Nxf8
Kxf8 54. Rxa2 h4 55. Ra8+ Ke7 56. Qa7+ Kf6 57. Qxc5 Ne5 58. Qf8+ Nf7 59. Qc5
Ne5 60. Qa3 Qd7 61. Ra6+ 1-0

[Event "Madrid ch Veteranos 2122"]
[Site "Madrid ESP"]
[Date "2022.03.30"]
[Round "3.19"]
[White "Hurtado Garrido, Reyes"]
[Black "Marin Aso, Jose Luis"]
[Result "0-1"]
[WhiteElo "1622"]
[BlackElo "1834"]
[PlyCount "70"]
[EventDate "2022.03.28"]
[EventType "swiss"]
[EventRounds "9"]
[EventCountry "ESP"]
[SourceTitle "Ajedrez en Madrid"]
[Source "lmi"]
[SourceDate "2022.03.28"]
[SourceVersion "1"]
[SourceVersionDate "2022.04.18"]
[SourceQuality "1"]

1. d4 Nf6 2. Bf4 d5 3. e3 e6 4. Bd3 c5 5. c3 Bd6 6. Bg3 O-O 7. Nd2 Qc7 8. dxc5
Qxc5 9. Bxd6 Qxd6 10. Ngf3 e5 11. e4 Nc6 12. O-O Bg4 13. Qe2 d4 14. h3 Bh5 15.
g4 Bg6 16. Nc4 Qe7 17. Nh4 dxc3 18. bxc3 Rad8 19. Rad1 Rd7 20. Ne3 Rfd8 21.
Nhf5 Qc5 22. Qc2 b5 23. Be2 a6 24. Rxd7 Rxd7 25. Rd1 Bxf5 26. exf5 Rxd1+ 27.
Qxd1 h6 28. a4 bxa4 29. Qxa4 Qxc3 30. Qxa6 Nd4 31. Qc4 Qe1+ 32. Bf1 Ne4 33. Qa2
Nf3+ 34. Kg2 Nfd2 35. Nd1 Qxf1+ 0-1

[Event "Madrid ch Veteranos 2122"]
[Site "Madrid ESP"]
[Date "2022.03.30"]
[Round "3.20"]
[White "Vukotic Jovsic, Dragan"]
[Black "Jimenez Ascarza, Jose Ignacio"]
[Result "1-0"]
[WhiteElo "1834"]
[BlackElo "1445"]
[PlyCount "73"]
[EventDate "2022.03.28"]
[EventType "swiss"]
[EventRounds "9"]
[EventCountry "ESP"]
[SourceTitle "Ajedrez en Madrid"]
[Source "lmi"]
[SourceDate "2022.03.28"]
[SourceVersion "1"]
[SourceVersionDate "2022.04.18"]
[SourceQuality "1"]

1. d4 d5 2. Bf4 Nf6 3. e3 c6 4. c4 e6 5. Nf3 Bb4+ 6. Nbd2 O-O 7. Bd3 Bd6 8. Bg3
Qc7 9. c5 Bxg3 10. hxg3 Nbd7 11. Ne5 Nxe5 12. Bxh7+ Nxh7 13. Qh5 Nd3+ 14. Ke2
f5 15. Qxh7+ Kf7 16. Kxd3 b6 17. Rh6 Ba6+ 18. Kc2 Rae8 19. Nf3 Ke7 20. Ng5 Kd7
21. Qxg7+ Kc8 22. Qxc7+ Kxc7 23. Nxe6+ Rxe6 24. Rxe6 bxc5 25. Rh1 Rf7 26. dxc5
Bc4 27. b3 Kd7 28. Rhh6 Bb5 29. a4 Bf1 30. Rxc6 Bxg2 31. Rhd6+ Ke8 32. Rc8+ Ke7
33. Rc7+ Kf8 34. Rxf7+ Kxf7 35. Rd7+ Ke6 36. Rxa7 Be4+ 37. Kc3 1-0

[Event "Madrid ch Veteranos 2122"]
[Site "Madrid ESP"]
[Date "2022.03.30"]
[Round "3.21"]
[White "Lopez Manso, Jeronimo"]
[Black "Sanchez Peral, Pedro"]
[Result "0-1"]
[WhiteElo "1410"]
[BlackElo "1797"]
[PlyCount "64"]
[EventDate "2022.03.28"]
[EventType "swiss"]
[EventRounds "9"]
[EventCountry "ESP"]
[SourceTitle "Ajedrez en Madrid"]
[Source "lmi"]
[SourceDate "2022.03.28"]
[SourceVersion "1"]
[SourceVersionDate "2022.04.18"]
[SourceQuality "1"]

1. f4 d5 2. e3 Nf6 3. Nf3 Bg4 4. c4 Nbd7 5. Nc3 c6 6. h3 Bxf3 7. Qxf3 e6 8. a3
Bd6 9. b4 O-O 10. c5 Bc7 11. Be2 e5 12. O-O b6 13. d4 exd4 14. exd4 Re8 15. b5
cxb5 16. Bxb5 a6 17. Bc6 Rb8 18. Nxd5 bxc5 19. dxc5 Re6 20. Bxd7 Qxd7 21. Nxf6+
Rxf6 22. Rd1 Qa4 23. Bd2 h6 24. f5 Rb3 25. Be3 Rxa3 26. Rxa3 Qxa3 27. Qa8+ Kh7
28. Bd4 Rxf5 29. Qe4 g6 30. Qe8 Be5 31. Bf2 Qa2 32. Be1 Qe2 0-1

[Event "Madrid ch Veteranos 2122"]
[Site "Madrid ESP"]
[Date "2022.03.30"]
[Round "3.22"]
[White "Martinez Miura, Enrique"]
[Black "Camarero Izquierdo, Juan Carlos"]
[Result "1/2-1/2"]
[WhiteElo "1601"]
[BlackElo "1861"]
[PlyCount "172"]
[EventDate "2022.03.28"]
[EventType "swiss"]
[EventRounds "9"]
[EventCountry "ESP"]
[SourceTitle "Ajedrez en Madrid"]
[Source "lmi"]
[SourceDate "2022.03.28"]
[SourceVersion "1"]
[SourceVersionDate "2022.04.18"]
[SourceQuality "1"]

1. e4 c5 2. Nf3 d6 3. d4 cxd4 4. Nxd4 Nf6 5. Nc3 a6 6. Be2 e6 7. O-O Nbd7 8.
Be3 Qc7 9. Qd2 b5 10. a3 Bb7 11. f3 Rc8 12. Rad1 d5 13. exd5 Nxd5 14. Nxd5 Bxd5
15. c3 Bd6 16. f4 Nf6 17. Bf3 O-O 18. h3 Bxf3 19. Rxf3 Nd5 20. f5 Nxe3 21. Qxe3
exf5 22. Rxf5 Bc5 23. Kh1 Ba7 24. Qe5 Qd8 25. Re1 Rc4 26. Qe7 Bxd4 27. Qxd8
Rxd8 28. cxd4 Rcxd4 29. Re7 f6 30. Rc5 Rc4 31. Rxc4 bxc4 32. Rc7 Rd1+ 33. Kh2
Rc1 34. b4 c3 35. a4 c2 36. b5 axb5 37. axb5 Rb1 38. Rxc2 Rxb5 39. Rc7 h6 40.
Rd7 Kh7 41. Re7 h5 42. Kg3 Kh6 43. Re6 Rb4 44. Rd6 h4+ 45. Kf2 Rb3 46. Re6 Kg5
47. Re4 f5 48. Re7 g6 49. Rg7 Kf6 50. Rc7 Rg3 51. Rh7 Kg5 52. Rb7 f4 53. Rb5+
Kh6 54. Rb6 f3 55. gxf3 Rxh3 56. Rb4 g5 57. Rb6+ Kh5 58. Rb5 Kg6 59. Rb6+ Kf5
60. Rb5+ Kf6 61. Rb6+ Ke7 62. Rb7+ Kd8 63. Rb5 Rg3 64. Rd5+ Ke7 65. Re5+ Kf6
66. Ra5 Kg6 67. Rb5 g4 68. fxg4 Rxg4 69. Rb3 Kf5 70. Rb5+ Ke6 71. Rb6+ Kd5 72.
Rb3 Kc4 73. Ra3 Kb4 74. Rf3 Kc4 75. Ra3 Kd5 76. Ra5+ Ke6 77. Ra6+ Kf7 78. Ra7+
Kg6 79. Ra6+ Kh5 80. Ra5+ Rg5 81. Rxg5+ Kxg5 82. Kg2 Kg4 83. Kh2 h3 84. Kh1 Kg3
85. Kg1 h2+ 86. Kh1 Kh3 1/2-1/2

[Event "Madrid ch Veteranos 2122"]
[Site "Madrid ESP"]
[Date "2022.03.30"]
[Round "3.23"]
[White "Lopez Del Moral Lopez de, Rafael"]
[Black "Yeves Miquel, Enrique"]
[Result "1/2-1/2"]
[WhiteElo "1432"]
[BlackElo "1832"]
[PlyCount "83"]
[EventDate "2022.03.28"]
[EventType "swiss"]
[EventRounds "9"]
[EventCountry "ESP"]
[SourceTitle "Ajedrez en Madrid"]
[Source "lmi"]
[SourceDate "2022.03.28"]
[SourceVersion "1"]
[SourceVersionDate "2022.04.18"]
[SourceQuality "1"]

1. d4 Nf6 2. Nf3 g6 3. Bf4 Bg7 4. e3 O-O 5. Bd3 d6 6. c3 Nbd7 7. O-O Qe8 8. e4
e5 9. dxe5 dxe5 10. Bg3 Nh5 11. Nbd2 Nxg3 12. fxg3 Nc5 13. Bc2 Qc6 14. Qe2 b5
15. Kh1 h6 16. Nb3 Be6 17. Nxc5 Qxc5 18. Bb3 Bxb3 19. axb3 Rfd8 20. b4 Qb6 21.
Rf2 a5 22. Raf1 Rf8 23. Nh4 axb4 24. cxb4 c6 25. Qc2 Qa6 26. h3 Rad8 27. Qc5
Qa4 28. Kh2 Qb3 29. Qxc6 Qxb4 30. Qc2 Rc8 31. Qd3 Rfd8 32. Qf3 Rc7 33. Qg4 Qc4
34. Nf3 Rcd7 35. h4 h5 36. Qg5 Rf8 37. Nxe5 Bxe5 38. Qxe5 Qc6 39. Qf4 Qe6 40.
e5 Rd5 41. Re2 Re8 42. Rfe1 1/2-1/2

[Event "Madrid ch Veteranos 2122"]
[Site "Madrid ESP"]
[Date "2022.03.30"]
[Round "3.24"]
[White "Villodre Miranda, Juan Alonso"]
[Black "Hernandez Gutierrez, Jose"]
[Result "0-1"]
[WhiteElo "1563"]
[BlackElo "1732"]
[PlyCount "37"]
[EventDate "2022.03.28"]
[EventType "swiss"]
[EventRounds "9"]
[EventCountry "ESP"]
[SourceTitle "Ajedrez en Madrid"]
[Source "lmi"]
[SourceDate "2022.03.28"]
[SourceVersion "1"]
[SourceVersionDate "2022.04.18"]
[SourceQuality "1"]

1. c4 c6 2. Nc3 d5 3. cxd5 cxd5 4. d4 Nc6 5. e3 Bf5 6. a3 e6 7. Bd3 Bxd3 8.
Qxd3 Qg5 9. g3 Nf6 10. e4 Qg6 11. f3 Be7 12. Be3 O-O 13. O-O-O a6 14. Nh3 dxe4
15. Nxe4 Nh5 16. Nf4 Nxf4 17. Bxf4 Rfd8 18. Nc3 Qxd3 19. Rxd3 {illegible} 0-1

[Event "Madrid ch Veteranos 2122"]
[Site "Madrid ESP"]
[Date "2022.03.30"]
[Round "3.25"]
[White "Martin Garcia, Francisco Javier"]
[Black "Jimenez Gonzalez, Marcos"]
[Result "0-1"]
[WhiteElo "1412"]
[BlackElo "1761"]
[PlyCount "57"]
[EventDate "2022.03.28"]
[EventType "swiss"]
[EventRounds "9"]
[EventCountry "ESP"]
[SourceTitle "Ajedrez en Madrid"]
[Source "lmi"]
[SourceDate "2022.03.28"]
[SourceVersion "1"]
[SourceVersionDate "2022.04.18"]
[SourceQuality "1"]

1. d4 d6 2. Bf4 Nd7 3. Nf3 g6 4. e3 Bg7 5. Nbd2 e5 6. Bg3 Nh6 7. c3 O-O 8. Be2
Nf5 9. dxe5 dxe5 10. Qb3 Qe7 11. O-O-O a5 12. a4 c6 13. Ne4 Nc5 14. Nxc5 Qxc5
15. Ng5 Nxe3 16. Nxf7 Rxf7 17. Rd8+ Bf8 18. Kd2 Nd5 19. Bxe5 Qe7 20. Rxf8+ Qxf8
21. Rf1 Bf5 22. g4 Be6 23. Qc2 Qh6+ 24. Ke1 Re8 25. Bd4 Bxg4 26. Be3 Rxe3 27.
fxe3 Rxf1+ 28. Bxf1 Qxe3+ 29. Be2 0-1

[Event "Madrid ch Veteranos 2122"]
[Site "Madrid ESP"]
[Date "2022.03.30"]
[Round "3.26"]
[White "Fernandez Rodriguez, Juan Andres"]
[Black "Alberdi Garcia, Carlos Alfonso"]
[Result "0-1"]
[WhiteElo "1128"]
[BlackElo "1681"]
[PlyCount "43"]
[EventDate "2022.03.28"]
[EventType "swiss"]
[EventRounds "9"]
[EventCountry "ESP"]
[SourceTitle "Ajedrez en Madrid"]
[Source "lmi"]
[SourceDate "2022.03.28"]
[SourceVersion "1"]
[SourceVersionDate "2022.04.18"]
[SourceQuality "1"]

1. d4 Nf6 2. Bf4 d5 3. e3 c5 4. c3 Nc6 5. Nd2 Qb6 6. Qb3 c4 7. Qxb6 axb6 8.
Ngf3 b5 9. Ne5 Bf5 10. Be2 h6 11. O-O e6 12. Ndf3 Be7 13. b3 Ne4 14. Rfc1 cxb3
15. axb3 Rxa1 16. Rxa1 Nxc3 17. Bf1 O-O 18. Ra7 Nxa7 19. Nd7 Rd8 20. Nb6 Bd6
21. Ne5 f6 22. Ng6 0-1

[Event "Madrid ch Veteranos 2122"]
[Site "Madrid ESP"]
[Date "2022.03.30"]
[Round "3.27"]
[White "Caravantes Camacho, Fernando"]
[Black "Medina Lucena, Emilio"]
[Result "1-0"]
[WhiteElo "1554"]
[BlackElo "1303"]
[PlyCount "36"]
[EventDate "2022.03.28"]
[EventType "swiss"]
[EventRounds "9"]
[EventCountry "ESP"]
[SourceTitle "Ajedrez en Madrid"]
[Source "lmi"]
[SourceDate "2022.03.28"]
[SourceVersion "1"]
[SourceVersionDate "2022.04.18"]
[SourceQuality "1"]

1. e4 c5 2. Nf3 d6 3. d4 cxd4 4. Nxd4 Nf6 5. Nc3 a6 6. Be2 e5 7. Nb3 Be6 8. Bg5
Be7 9. Bxf6 Bxf6 10. Bg4 Bxg4 11. Qxg4 O-O 12. Nd5 Nd7 13. O-O Bg5 14. Rad1 Nf6
15. Qxg5 Nxe4 16. Qxd8 Rfxd8 17. h4 Rac8 18. c3 Rd7 1-0

[Event "Madrid ch Veteranos 2122"]
[Site "Madrid ESP"]
[Date "2022.03.31"]
[Round "4.1"]
[White "Martin Rodriguez, Emilio"]
[Black "Candela Perez, Jose"]
[Result "0-1"]
[WhiteElo "2032"]
[BlackElo "2339"]
[PlyCount "76"]
[EventDate "2022.03.28"]
[EventType "swiss"]
[EventRounds "9"]
[EventCountry "ESP"]
[SourceTitle "Ajedrez en Madrid"]
[Source "lmi"]
[SourceDate "2022.03.28"]
[SourceVersion "1"]
[SourceVersionDate "2022.04.18"]
[SourceQuality "1"]

1. d4 d5 2. Nf3 e6 3. Bg5 Nf6 4. e3 Be7 5. Nbd2 h6 6. Bh4 b6 7. Ne5 Bb7 8. Bxf6
gxf6 9. Nd3 c5 10. c3 Nc6 11. f4 Bd6 12. Qa4 Qc7 13. dxc5 bxc5 14. c4 d4 15.
exd4 cxd4 16. g3 O-O 17. c5 Be7 18. Bg2 Nb4 19. Qxb4 Bxg2 20. Rg1 Rab8 21. Qa3
Bd5 22. Kf2 Rfc8 23. Rac1 Rb5 24. b4 a5 25. Qa4 Bc6 26. Qd1 axb4 27. Qh5 Ra8
28. Rc2 Ra3 29. Qe2 Bd5 30. Nc1 Rxc5 31. Rxc5 Bxc5 32. Nd3 Bd6 33. Nc1 Re3 34.
Qg4+ Kh7 35. Qd1 f5 36. Ncb3 Qa7 37. Qa1 d3 38. Kf1 Re2 0-1

[Event "Madrid ch Veteranos 2122"]
[Site "Madrid ESP"]
[Date "2022.03.31"]
[Round "4.2"]
[White "Martin Martin, Luis Vicente"]
[Black "Longa Yauca, Javier"]
[Result "0-1"]
[WhiteElo "1927"]
[BlackElo "2239"]
[PlyCount "112"]
[EventDate "2022.03.28"]
[EventType "swiss"]
[EventRounds "9"]
[EventCountry "ESP"]
[SourceTitle "Ajedrez en Madrid"]
[Source "lmi"]
[SourceDate "2022.03.28"]
[SourceVersion "1"]
[SourceVersionDate "2022.04.18"]
[SourceQuality "1"]

1. d4 Nf6 2. Bf4 d6 3. e3 g6 4. Nf3 Bg7 5. Be2 O-O 6. h3 c5 7. c3 Nd5 8. Bg3
Qb6 9. Qb3 Qxb3 10. axb3 Nc6 11. Nbd2 cxd4 12. exd4 Bh6 13. O-O Bd7 14. Rfe1
Rfe8 15. Bc4 Nb6 16. d5 Nb8 17. Ne4 Rc8 18. Ned2 Kf8 19. Ne4 Nxc4 20. bxc4 Rxc4
21. Neg5 Bxg5 22. Nxg5 h6 23. Ne4 Na6 24. b3 Rcc8 25. c4 Kg7 26. Bf4 Re8 27.
Bd2 f5 28. Bc3+ Kf7 29. Nd2 e5 30. dxe6+ Bxe6 31. Nf3 Nc5 32. Rab1 Bd7 33. Red1
Ne4 34. Bb4 Bc6 35. Nd4 Bd7 36. Nc2 a5 37. Be1 a4 38. f3 axb3 39. Rxb3 Nc5 40.
Rb6 Ba4 41. Rb2 Re2 42. Rd2 Rae8 43. Kf1 Rxd2 44. Bxd2 Bxc2 45. Rxc2 g5 46. Bc3
Ra8 47. Rd2 Ke6 48. Bb4 Ra4 49. Bxc5 dxc5 50. Rd8 Rxc4 51. Rh8 Ke5 52. Rxh6 b5
53. Ke2 Rc2+ 54. Kd3 Rxg2 55. Rc6 c4+ 56. Kc3 Kf4 0-1

[Event "Madrid ch Veteranos 2122"]
[Site "Madrid ESP"]
[Date "2022.03.31"]
[Round "4.3"]
[White "Vazquez Gonzalez, Jesus"]
[Black "Barez Menendez, Hector"]
[Result "1/2-1/2"]
[WhiteElo "1853"]
[BlackElo "2062"]
[PlyCount "45"]
[EventDate "2022.03.28"]
[EventType "swiss"]
[EventRounds "9"]
[EventCountry "ESP"]
[SourceTitle "Ajedrez en Madrid"]
[Source "lmi"]
[SourceDate "2022.03.28"]
[SourceVersion "1"]
[SourceVersionDate "2022.04.18"]
[SourceQuality "1"]

1. e4 e5 2. Nf3 Nf6 3. Nc3 Nc6 4. d4 exd4 5. Nxd4 Bb4 6. Nxc6 bxc6 7. Bd3 O-O
8. O-O d5 9. exd5 cxd5 10. h3 Rb8 11. Qf3 c6 12. Bf4 Bd6 13. b3 Rb4 14. Bxd6
Qxd6 15. Ne2 Re8 16. c3 Rb8 17. Ng3 g6 18. Rfe1 Bd7 19. Re3 Kg7 20. Rae1 Rxe3
21. Rxe3 Re8 22. Qe2 c5 23. Rxe8 1/2-1/2

[Event "Madrid ch Veteranos 2122"]
[Site "Madrid ESP"]
[Date "2022.03.31"]
[Round "4.4"]
[White "Lorenzo Bailador, Alfredo"]
[Black "Herrero Reques, Sergio"]
[Result "1/2-1/2"]
[WhiteElo "1985"]
[BlackElo "2029"]
[PlyCount "42"]
[EventDate "2022.03.28"]
[EventType "swiss"]
[EventRounds "9"]
[EventCountry "ESP"]
[SourceTitle "Ajedrez en Madrid"]
[Source "lmi"]
[SourceDate "2022.03.28"]
[SourceVersion "1"]
[SourceVersionDate "2022.04.18"]
[SourceQuality "1"]

1. e4 c6 2. d4 d5 3. exd5 cxd5 4. Bd3 Nc6 5. c3 Nf6 6. h3 g6 7. Nf3 Bf5 8. Bxf5
gxf5 9. Bf4 e6 10. Ne5 Bd6 11. Nd2 Qc7 12. Qe2 Ne4 13. Nb3 O-O-O 14. f3 Ng3 15.
Bxg3 f6 16. O-O-O fxe5 17. dxe5 Be7 18. Kb1 Rhg8 19. Bf4 h5 20. h4 Kb8 21. g3
Rc8 1/2-1/2

[Event "Madrid ch Veteranos 2122"]
[Site "Madrid ESP"]
[Date "2022.03.31"]
[Round "4.5"]
[White "Pastor Alonso De Prado, Alberto"]
[Black "Luque Ibanes, Manuel"]
[Result "1/2-1/2"]
[WhiteElo "2106"]
[BlackElo "1966"]
[PlyCount "50"]
[EventDate "2022.03.28"]
[EventType "swiss"]
[EventRounds "9"]
[EventCountry "ESP"]
[SourceTitle "Ajedrez en Madrid"]
[Source "lmi"]
[SourceDate "2022.03.28"]
[SourceVersion "1"]
[SourceVersionDate "2022.04.18"]
[SourceQuality "1"]

1. b3 Nf6 2. Bb2 d5 3. Nf3 Bg4 4. e3 e6 5. Be2 Be7 6. O-O O-O 7. c4 c5 8. h3
Bh5 9. cxd5 Nxd5 10. a3 Nc6 11. d3 Bf6 12. Qc2 Rc8 13. Nbd2 a6 14. Rac1 Bg6 15.
Rfd1 b5 16. Ne4 Be7 17. Nxc5 Bxc5 18. Qxc5 Na5 19. Qxc8 Qxc8 20. Rxc8 Rxc8 21.
Nd4 Nc3 22. Rc1 Nxe2+ 23. Nxe2 Rd8 24. Nd4 Bxd3 25. Rc7 e5 1/2-1/2

[Event "Madrid ch Veteranos 2122"]
[Site "Madrid ESP"]
[Date "2022.03.31"]
[Round "4.6"]
[White "Moreno Torrero, Javier"]
[Black "Fernandez Garcia, Ignacio"]
[Result "1-0"]
[WhiteElo "1952"]
[BlackElo "1844"]
[PlyCount "103"]
[EventDate "2022.03.28"]
[EventType "swiss"]
[EventRounds "9"]
[EventCountry "ESP"]
[SourceTitle "Ajedrez en Madrid"]
[Source "lmi"]
[SourceDate "2022.03.28"]
[SourceVersion "1"]
[SourceVersionDate "2022.04.18"]
[SourceQuality "1"]

1. d4 Nf6 2. c4 c6 3. Nc3 d6 4. e4 g6 5. f3 Bg7 6. Be3 Nbd7 7. Nge2 e5 8. Qd2
exd4 9. Nxd4 Ne5 10. O-O-O O-O 11. Be2 Qc7 12. Kb1 Rd8 13. Bg5 a6 14. Nb3 Be6
15. Rc1 Bxc4 16. Bxc4 Nxc4 17. Qd4 Ne5 18. Bxf6 Bxf6 19. Nd5 Nd7 20. Nxf6+ Nxf6
21. Qxf6 Re8 22. h4 Re6 23. Qc3 Re5 24. g4 h5 25. f4 Rb5 26. gxh5 Rxh5 27. f5
Kh7 28. Qf6 Rg8 29. Rcg1 d5 30. fxg6+ Rxg6 31. Rxg6 fxg6 32. exd5 Rxd5 33. Re1
Rd7 34. Rg1 Rd6 35. Qg5 Qd7 36. a3 Qf7 37. Re1 Rd7 38. Nc5 Rc7 39. Ne4 Qf5 40.
Qxf5 gxf5 41. Nd6 Kg6 42. Rf1 Rh7 43. Nxf5 c5 44. Kc2 b5 45. b3 a5 46. Nd6 a4
47. bxa4 bxa4 48. Rf4 Rd7 49. Nb5 Rb7 50. Nc3 Ra7 51. Nxa4 Re7 52. Nxc5 1-0